000 00863nam a22002657a 4500
003 DO-SdBNP
005 20221103133319.0
007 ta
008 221103b2018 dr ||||| |||| 00| 0 spa d
020 _a9789945580709
040 _aDO-SdBNP
_bspa
_cBNPHU
082 4 _222
100 1 _aJiménez Monegro, Alberto
_982685
245 1 0 _aDeontología jurídica /
_cPedro Pablo Hernández, Alberto Jiménez Monegro ; editor Lennys Tejada Betancourt
260 _aSanto Domingo :
_bUAPA,
_c2018.
300 _a244 p. ;
_c27 cm.
490 1 _aAutoaprendizaje
_v18
500 _aIncluye datos biográficos de los autores en la contracubierta
590 _aInventariado, 2022/BT
700 1 _aJiménez Monegro, Alberto
_982685
700 1 _aTejada Betancourt, Lennys
_eed.
_979591
830 0 _aAutoaprendizaje
_n18
_982686
910 _aBtavárez
942 _2ddc
_cLBS1
999 _c52770
_d52770